00453nam a22001097a 4500003000400000005001700004008004100021040002700062100002300089245019100112260004000303OSt20240402164300.0240402b |||||||| |||| 00| 0 eng d cCentral Library MRSPTU aDr. Rajesh Nathani aChetna Ka Ek Antheen Mahsagar (चेतना का एक अंतहीन महासागर: जीवन मेँ बडे. प्रशनो के सरल उततर) aNew DelhibK.B.D. Publicationc2023